|
|
|
|
| LEADER |
00845nab#a2200349#ar4500 |
| 001 |
000094821 |
| 003 |
SVKKK |
| 005 |
20090407110553.0 |
| 008 |
090407c2008 xo |||||||||||||||b|slo |
| FMT |
|
|
|
| 015 |
|
|
|a SNBRB2009/04
|
| 038 |
|
|
|a SVKKK
|
| 040 |
|
|
|a SVKKK
|b slo
|e AACR2
|
| 041 |
0 |
|
|a slo
|
| 044 |
|
|
|a xo
|c SK
|
| 080 |
|
|
|a 284.2
|x (437.6)
|2 1997
|
| 080 |
|
|
|a 929 Molnár, János
|2 1997
|
| 245 |
1 |
0 |
|a Jubileum duchovného
|c [autor] l.a.
|
| 300 |
|
|
|b Obr.
|
| 600 |
1 |
4 |
|a Molnár, János
|x dekan
|x duchovný
|f 1938 16. január-
|
| 610 |
2 |
4 |
|a Reformovaná cirkev (Slovensko)
|
| 655 |
# |
4 |
|a biografie
|
| 655 |
# |
4 |
|a náboženstvo
|
| 773 |
0 |
|
|t Kalvínske hlasy
|g Roč.LXXIX, č. 3 (2008), s. 8
|x 1335-3713
|
| 958 |
|
|
|a NT
|
| 958 |
|
|
|a BX
|
| 974 |
|
|
|a MI
|
| 992 |
|
|
|a RBX
|
| BAS |
|
|
|
| 852 |
|
|
|a SVKKK
|b BIB
|
| EXP |
|
|
|
| 998 |
|
|
|a REG
|